000 05968nam a22011297a 4500
003 PE-LiUPU
005 20250813185659.0
008 230926b |||||||| |||| 00| 0 spa d
020 _a9786123221881
040 _bspa
_cPE-LiUPU
_dPE-LiUPU
_erda
082 1 4 _223
_a346.5
_bE77d
100 0 _aEspinoza Espinoza, Juan,
_eautor.
_92752
245 1 0 _aDerecho de la responsabilidad civil /
_cJuan Espinoza Espinoza.
250 _aNovena edición corregida y aumentada.
264 _aLima :
_bInstituto Pacífico,
_c2019.
300 _a2 tomos ;
_c21 centímetros.
504 _aBibliografía: p. 1625-1688.
505 _aTomo 1: Consideraciones generales -- El atormentante binomio débito-responsabilidad. La (mal) denominada garantía genérica -- Hacia una definición unitaria de la responsabilidad civil -- Diferencia entre la tutela reparadora propia de la responsabilidad civil y la tutela inhibitoria y la cesatoria -- Las funciones de la responsabilidad civil -- Sobre la (pretendida) distinción de la responsabilidad civil extra-contractual o aquiliana -- Elementos constitutivos de la responsabilidad civil -- La imputabilidad o capacidad de imputación -- La ilicitud o antijuricidad -- El factor de atribución -- El nexo causal o la relación de causalidad -- El daño -- La reparación civil: el resarcimiento del daño -- Definición y tipos de reparación civil -- El principio de reparación integral del daño -- El resarcimiento frente al Derecho de Familia -- Apuntes para una interpretación coherente del Tercer Pleno Casatorio Civil -- El modelo resarcitoro a partir de la previsibilidad del artículo 1321 del Código Civil -- Sobre la necesidad de establecer criterios apropiados para cuantificar la reparación del daño subjetivo -- Hacia una predictibilidad del resarcimiento del daño a la persona en el sistema judicial peruano -- Solidaridad de los responsables: su diferencia con responsabilidad concurrente -- Algunos aspectos adicionales a tenerse en cuenta -- Plazo prescriptorio -- Devaluación del "quantum" de la pretensión resarcitoria durante el proceso -- Proceso penal y reparación civil derivada del mismo -- La reparación civil derivada de los delitos de corrupçión en agravio del estado: ¿Qué derecho no patrimonial se lesiona? -- Responsabilidad civil derivada de los accidentes de trabajo
505 _aTomo 2: Los supuestos especiales de responsabilidad diseñados por el código civil -- Los regímenes especiales de responsabilidad del deudor -- Los regímenes especiales de la responsabilidad extra-contractual o aquiliana -- Los nuevos supuestos especiales de responsabilidad civil -- Responsabilidad por los daños ocasionados por accidentes de tránsito -- La responsabilidad por productos defectuosos -- La concesión y denegación abusiva de crédito como fuente de responsabilidad civil -- Responsabilidad civil de la persona jurídica -- Responsabilidad civil de los directores y gerentes de una sociedad -- Alguna reflexión frente al denominado abuso de poder -- La responsabilidad civil en los contratos de transporte -- La responsabilidad civil de los bancos en el servicio de cajas de seguridad -- Sobre la delimitación de responsabilidad y obligaciones de los proveedores en materia de estacionamiento -- Responsabilidad civil de s empresas que prestan servicios de información económica -- Responsabilidad civil del estado -- La responsabilidad civil de los profesionales (con particular referencia a los profesionales médicos) -- Responsabilidad civil por daño ambiental ¿Tutela efectiva de los derechos de los dañados o simplemente un lirismo? -- La responsabilidad civil pre-contractual -- Invocando inevitablemente a Jhering -- Naturaleza de la responsabilidad civil pre-contractual -- Tres curiosos casos de responsabilidad civil precontractual peruanos -- El rol protagónico de la buena fe en la responsabilidad precontractual -- El deber de informar como parte integrante del actuar conforme a la buena fe -- La "due diligence investigation" dentro dela tratativa -- Conclusiones.
526 _aP202
526 _aP201
526 _aP163
526 _aP162
526 _aP161
526 _aP160
526 _aP148
526 _aP147
526 _aP146
526 _aP145
526 _aP144
526 _aP143
526 _aP142
526 _aP141
526 _aP140
526 _aP139
526 _aP138
526 _aP137
526 _aP136
526 _aP135
526 _aP134
526 _aP133
526 _aP129
526 _aP128
526 _aP127
526 _aP120
526 _aP119
526 _aP118
526 _aP116
526 _aP115
526 _aP114
526 _aP110
526 _aP109
526 _aP108
526 _aP104
526 _aP103
526 _aP102
526 _aP99
526 _aP98
526 _aP97
526 _aP96
526 _aP95
526 _aP93
526 _aP90
526 _aP89
526 _aP88
526 _aP83
526 _aP82
526 _aP62
526 _aP59
526 _aP58
526 _aP57
526 _aP51
526 _aP49
526 _aP48
526 _aP47
526 _aP29
526 _aP24
526 _aP20
526 _aP19
526 _aP17
526 _aP15
526 _aP14
526 _aP12
526 _aP10
526 _aP09
526 _aP08
526 _aP07
526 _aP06
526 _aP05
526 _aP04
526 _aP01
556 _a10444184961 E001-106
_z9786123221881 9786123221898
650 1 4 _aActos ilícitos
_zPerú.
_92762
942 _2ddc
_cBK
_n0
980 _618226
_aJaime Vilcazán Jefe de Análisis Documental
_81
_gALBERTO SANCHEZ Responsable de Automatización
999 _c62018
_d62018